000 01213nam a2200469Ia 4500
001 140443
003 232697
005 20241010091804.0
008 ||||||n9999 ||| || ||
082 _a956.94
100 _aForrester, Viviane
_953582
245 0 _aEl crimen occidental
_cViviane Forrester ; traducción de Isabel Vericat Núñez ; revisión de Víctor Goldstein
250 _aPrimera edición
504 _aIncluye bibliografía e índice de nombres
562 _e2
650 _aCUESTIÓN JUDÍA
_9171860
650 _aEUROPA--RELACIONES EXTERIORES--EUROPA
_9171861
650 _aGUERRA ARABE ISRAELI, 1948-1949
_9171862
650 0 _aHolocausto judío, 1939-1945
_9171863
650 _aPALESTINA--RELACIONES EXTERIORES--EUROPA
_9171864
942 _cBKM
999 _c140443
_d140443
526 _a
526 _a17598
526 _a102617
526 _a102618
526 _a15794
526 _a102619
526 _a1703
526 _a102620
526 _a10406
526 _a105630
526 _a1698
526 _a116204
526 _a51868
526 _a4969
526 _a19790
526 _a104436
526 _a5144
526 _a1697
526 _a3899
526 _a9683